000
00207 a2200097 4500
020
_a
9789706418258
041
_a
spa
100
_a
Bustos, Carlos
245
_a
El ilusionista y el ojo del unicornio
942
_c
BK
999
_c
7750
_d
7750